000 00621nam a2200229 a 4500
001 BRL_1812
005 20190320211359.0
008 050815s1953----mx-a######---#000-0#spa-#
041 _aspa
044 _amx
050 4 _aF1219
_b.B37 1953
100 1 _aBarra y Valenzuela, Pedro
_927936
245 1 0 _aLos nahoas
_bhistoria, vida y lengua
_cPedro Barra y Valenzuela.
260 _aMéxico
_bBartolome Trucco
_c1953
300 _a246 p.
_bil.
_c20 cm.
500 _aAu2079
650 1 4 _aNahuas
_927041
650 1 4 _aNahuas
_xGramática
_927937
650 1 4 _aNahuas
_xReligión
_923575
902 _aGRL
942 _2lcc
_cB
999 _c10620
_d10620